|
|
|
|
| LEADER |
00000nab a2200000 a 4500 |
| 001 |
vtls000095671 |
| 003 |
SK-MaSNL |
| 005 |
20260304060743.0 |
| 008 |
250422c1981 xo 0 slo |
| 015 |
|
|
|a SNBRB19rr/mm-uuuuu
|
| 035 |
|
|
|a CL0105774
|
| 035 |
|
|
|a urn:nbn:sk:snk-ab2l1
|
| 035 |
|
|
|a (urnnbn)urn:nbn:sk:snk:ar-a03vxw
|
| 035 |
|
|
|a (uuid)a9b9e16b-1935-479e-977b-ce008eb81df1
|
| 040 |
|
|
|a SNKBUCL
|b slo
|c SNKBUCL
|e AACR2
|
| 041 |
0 |
|
|a slo
|
| 044 |
|
|
|a xo
|c SK
|
| 080 |
|
|
|a 07
|2 1981
|
| 100 |
1 |
|
|a Brečka, Samuel,
|d 1943-
|4 aut
|9 110962
|
| 245 |
1 |
0 |
|a Využívanie novinovedných informácií
|c Samuel Brečka, Klára Dénešová, Alexandra Horváthová ; Samuel Brčka
|
| 650 |
0 |
7 |
|a žurnalistika
|2 snkbucl
|9 951
|
| 655 |
|
7 |
|a články z novín a časopisov
|2 snkbucl
|9 267496
|
| 700 |
1 |
|
|a Dénešová, Klára
|4 aut
|9 386465
|
| 700 |
1 |
|
|a Horváthová, Alexandra
|4 aut
|9 627372
|
| 700 |
1 |
|
|a Brčka, Samuel
|4 aut
|9 1344399
|
| 773 |
0 |
|
|t Otázky žurnalistiky
|g Roč. 24, č. 3 (1981), s. 26-33
|
| 850 |
|
|
|a Slovenská národná knižnica
|
| 852 |
|
|
|a Slovenská národná knižnica
|
| 954 |
|
|
|a odborná, vedecká literatúra pôvodná (slovenská)
|2 lita
|
| 958 |
|
|
|a article27
|
| 958 |
|
|
|a RK
|
| 958 |
|
|
|a OND
|
| 958 |
|
|
|a EUIPO
|
| 992 |
|
|
|a RBX
|
| 999 |
|
|
|c 2729932
|d 2731862
|